Cognitive systems engineering

Αποθηκεύτηκε σε:
Λεπτομέρειες βιβλιογραφικής εγγραφής
Κύριος συγγραφέας: Rasmussen, Jens 1926-
Άλλοι συγγραφείς: Pejtersen, Annelise Mark, Goodstein, L. P.
Μορφή: Βιβλίο
Γλώσσα:English
Δημοσίευση: New York : John Wiley & Sons, c1994
Σειρά:Wiley series in systems engineering
Θέματα:
Ετικέτες: Προσθήκη ετικέτας
Δεν υπάρχουν, Καταχωρήστε ετικέτα πρώτοι!

MARC

LEADER 00000nam a2200000 i 4500
001 1/14216
008 001204s1994 eng d
020 |a 0-471-01198-3 
035 |l 10064918 
040 |a GR-MY-UA  |b gre  |e aacr 
041 0 |a eng 
082 0 |a 658.4038 
100 1 |a Rasmussen, Jens  |d 1926- 
245 1 0 |a Cognitive systems engineering /  |c Jens Rasmussen, Annelise Mark Pejtersen, L. P. Goodstein 
260 |a New York :   |b John Wiley & Sons,   |c c1994 
300 |a xviii, 378 p. 
490 1 |a Wiley series in systems engineering 
504 |a Includes bibliographical references and index 
650 0 0 |a Systems engineering. 
650 0 0 |a Expert systems (Computer science) 
700 1 |a Pejtersen, Annelise Mark. 
700 1 |a Goodstein, L. P. 
830 0 |a Wiley series in systems engineering 
852 |a INST  |b CHIOS  |e 20001204  |h 658.4038 RAS  |p 005200017106  |q 005200017106  |t BK  |y 0 
901 |a BIBL2-2001-1 
909 |a Χ  |b 082444 
922 |a 2ΕΛΗ  |b 200010  |c ΤΜΟΔ  |d ΜΙΧΑΛΟΠΟΥΛΟΣ 
950 |a 186-2000-09-14 
970 |a ΣΠΕΝΤΖΑ  |b ΕΛΕΝΗ  |z 2001/01/09